| 000 | 00377nam a22001217a 4500 | ||
|---|---|---|---|
| 082 |
_a954.912 _bOFF |
||
| 245 | _aOfficial History of Operations on the N. W Frontier of India 1920-35 | ||
| 260 |
_aDelhi. _bGovernment of India Press. _cc1945. |
||
| 526 |
_a0 _b0 _c0 _d954_912000000000000_OFF |
||
| 526 |
_a0 _b0 _c0 _d954_912000000000000_OFF |
||
| 650 |
_aMCE _9379 |
||
| 942 |
_2ddc _cBK |
||
| 999 |
_c553195 _d553195 |
||